00306nam a22001217a 4500003000400000008004100004100003000045245004700075250000800122260002500130300000800155650002100163OSt201118b ||||| |||| 00| 0 eng d aCorter, Ronald, Mcracjohn aRoutledge History of Literature in English a3rd aN.DbRoutledgec2020 a605 aB.A.Hons English